Die Städte der Finale der Fußball-Europameisterschaft - Statistiken

Allgemein
  • Dieses Quiz wurde 99 mal gespielt
  • Das Durchschnittsergebnis liegt bei 14 aus 17
Antwortstatistiken
Jahr Stadt % Korrekt
2024 Berlin
99%
1996 London
99%
2020 London
99%
1960 Paris
95%
1984 Paris
95%
2016 Saint-Denis
95%
2008 Wien
90%
2004 Lissabon
88%
1968 Rom
88%
1980 Rom
88%
1964 Madrid
87%
1988 München
83%
2012 Kiew
79%
1972 Brüssel
64%
2000 Rotterdam
50%
1976 Belgrad
44%
1992 Göteborg
31%
Keine übereinstimmenden Quizze gefunden
Verteilung der Resultate
Anzahl Personen mit jedem Resultat
Perzentil nach korrekt beantworteten Fragen
Ihre Resultats-Entwicklung
Sie haben dieses Quiz noch nicht gespielt